000 00844cam a2200265 a 4500
001 1997526
003 OSt
005 20250901165638.0
008 901206s1991 aru 000 1 eng
010 _a 90027199
020 _a0874831725 (acidfree)
040 _aDLC
_cDLC
_dDLC
050 0 0 _aPS 3564 .O634 F54 1991
_bF54 1991
082 0 0 _a813/.54
_220
100 1 _aNorman, Rick J.
245 1 0 _aFielder's choice :
_ba novel /
_cby Rick Norman.
250 _a1st ed.
260 _aLittle Rock :
_bAugust House Publishers,
_c1991.
300 _a192 p. ;
_c23 cm.
650 0 _aBaseball players
_xFiction.
655 7 _aBaseball stories.
_2lcsh
906 _a7
_bcbc
_corignew
_d1
_eocip
_f19
_gy-gencatlg
942 _2lcc
_cBK
999 _c7156
_d7156